Manual de aplicación de comercio electrónico, para la empresa "Consumo lo que produzco" para el año 2021 en el municipio de San Salvador. (Registro nro. 12330)
[ vista simple ]
| 000 -LEADER | |
|---|---|
| fixed length control field | 00682nam a2200181Ia 4500 |
| 005 - FECHA Y HORA DE LA ÚLTIMA TRANSACCIÓN | |
| control field | 20240809174148.0 |
| 008 - FIXED-LENGTH DATA ELEMENTS--GENERAL INFORMATION | |
| fixed length control field | 240808s9999 xx 000 0 und d |
| 040 ## - CATALOGING SOURCE | |
| Original cataloging agency | UPAN |
| Transcribing agency | Biblioteca San Vicente |
| Description conventions | RCAA2 |
| 041 ## - LANGUAGE CODE | |
| Language code of text/sound track or separate title | spa |
| 082 ## - DEWEY DECIMAL CLASSIFICATION NUMBER | |
| Classification number | 380.1 |
| Item number | Her |
| año de publicación | 2022 |
| 100 ## - MAIN ENTRY--PERSONAL NAME | |
| Personal name | Herrera Mayorga, Claudia Patricia |
| Relator code | aut. |
| 245 #0 - TITLE STATEMENT | |
| Title | Manual de aplicación de comercio electrónico, para la empresa "Consumo lo que produzco" para el año 2021 en el municipio de San Salvador. |
| 260 ## - PUBLICATION, DISTRIBUTION, ETC. (IMPRINT) | |
| Place of publication, distribution, etc | San Salvador: |
| Name of publisher, distributor, etc | Universidad Panamericana, |
| Date of publication, distribution, etc | 2022 |
| 300 ## - PHYSICAL DESCRIPTION | |
| Extent | 189 p.; |
| Dimensions | 28 cm. |
| 650 ## - SUBJECT ADDED ENTRY--TOPICAL TERM | |
| Source of heading or term | LEMB |
| Topical term or geographic name as entry element | Manual |
| General subdivision | Comercio electrónico |
| 700 ## - ADDED ENTRY--PERSONAL NAME | |
| Personal name | Ramírez Ramírez, Merlín Liseth |
| Relator code | aut. |
| 942 ## - ADDED ENTRY ELEMENTS (KOHA) | |
| Koha item type | Libros |
| Source of classification or shelving scheme | Dewey Decimal Classification |
| Withdrawn status | Lost status | Source of classification or shelving scheme | Damaged status | Not for loan | Collection code | Home library | Current library | Date acquired | Total Checkouts | Full call number | Barcode | Date last seen | Copy number | Price effective from | Koha item type |
|---|---|---|---|---|---|---|---|---|---|---|---|---|---|---|---|
| Dewey Decimal Classification | Tesario | Biblioteca UPAN San Vicente | Biblioteca UPAN San Vicente | 08/08/2024 | 380.1 Her | 12102139 | 08/08/2024 | 01 | 08/08/2024 | Trabajos de Grado |